Notas al poema del Cid

Uloženo v:
Podrobná bibliografie
Hlavní autor: Hanssen, Federico (Autor)
Médium: Kniha
Jazyk:španělština
Vydáno: Santiago Imprenta Cervantes 1911
Témata:
Tagy: Přidat tag
Žádné tagy, Buďte první, kdo vytvoří štítek k tomuto záznamu!

MARC

LEADER 00000nam a2200000 a 4500
001 UCH5016
003 CL-VaPUC
008 090916e19110000CL |||||||||||||||||spa|d
082 0 4 |a 861.9  |b HAN  |2 21 
100 0 |a Hanssen, Federico  |e author  |9 504388 
245 1 0 |a Notas al poema del Cid 
300 |a 55 p 
942 |c BK 
945 |d 20090916 00:00:00  |a rbrito 
260 |a Santiago  |b Imprenta Cervantes  |c 1911 
600 0 7 |a CID CAMPEADOR  |2 CL-VaPUC  |9 344228 
650 0 |a Poesía española  |9 264938 
650 0 |a Historia y crítica   |9 257407 
650 0 |a Crítica literaria   |9 269189 
650 0 |a Poesía épica española  |9 268761 
583 |a last modification  |c 20090916 00:00:00  |k Rodrigo Vera 
999 |c 336246  |d 336244 
952 |0 0  |1 0  |4 0  |6 861_900000000000000_HAN_1911  |7 0  |8 X  |9 427241  |a FDOBUD  |b FDOBUD  |d 2019-11-22  |i 4596188  |o 861.9 HAN 1911  |p 4596188  |r 2019-11-22  |w 2019-11-22  |y BK_X  |k BUD